000 01796cam a22004694a 4500
003 OCoLC
005 20241220115328.0
008 050921s2006 maua j b 001 0 eng
001 ocm61694815
010 _a 2005027527
020 _a0618710310 (hardcover) :
_c$16.00
024 3 _a9780618710317
029 1 _aIG#
_b0618710310
035 _a(Sirsi) i9780618710317
037 _bJunior Library Guild
_nhttp://www.juniorlibraryguild.com
040 _aDLC
_cDLC
_dIG#
_dBAKER
_dOCO
_dIBI
_dVP@
_dTEF
_dUINTA
042 _apcc
_alcac
049 _aUCLB
050 0 0 _aTX370
_b.S35 2006
082 0 0 _a394.1/2
_222
092 _a394.1
100 1 _aSchlosser, Eric.
_9139
245 1 0 _aChew on this :
_beverything you don't want to know about fast food /
_cby Eric Schlosser and Charles Wilson.
260 _aBoston [Mass.] :
_bHoughton Mifflin Co.,
_cc2006.
300 _a304 p. :
_bill. ;
_c22 cm.
586 8 _aA Junior Library Guild selection.
504 _aIncludes bibliographical references (p. 262-292) and index.
520 _aA behind-the-scenes look at the fast food industry.
526 0 _aAccelerated Reader/Renaissance Learning
_bMG
_c8.1
_d9
650 0 _aJunk food
_vJuvenile literature.
_96505871
650 0 _aFood habits
_vJuvenile literature.
_95706410
650 0 _aFast food restaurants
_vJuvenile literature.
_96505872
650 0 _aFood industry and trade
_vJuvenile literature.
_96505873
650 1 _aEating habits.
_96161925
700 1 _aWilson, Charles,
_d1974-
_954840
938 _aIngram
_bINGR
_n0618710310
938 _aBaker & Taylor
_bBKTY
_c16.00
_d12.00
_i0618710310
_n0006533396
_sactive
942 _cBOOK
_032
994 _aC0
_bUINTA
856 4 2 _3Publisher description
_uhttp://www.loc.gov/catdir/enhancements/fy0623/2005027527-d.html
998 _aa91101
999 _c40089
_d40089